| 000 | 01271cam a2200277 i 4500 | ||
|---|---|---|---|
| 999 |
_c57937 _d57937 |
||
| 001 | 19992700 | ||
| 005 | 20221108150727.0 | ||
| 008 | 170915s2018 nyu 000 0 eng | ||
| 020 | _a9780891286882x | ||
| 041 | _aeng | ||
| 080 | _a376.2 R-75 | ||
| 100 | 1 |
_aRoman-Lantzy, Christine _d _911032 |
|
| 245 | 1 | 0 |
_aCortical visual impairment : _ban approach to assessment and intervention / _cChristine Roman-Lantzy. |
| 250 | _aSecond edition. | ||
| 264 | 1 |
_aNew York : _bAFB Press, American Foundation for the Blind, _c2018. |
|
| 300 |
_a260 pages ; _c28 cm. |
||
| 650 | 0 |
_aChildren with visual disabilities _xEducation. _911033 |
|
| 650 | 0 |
_aChildren with visual disabilities _xRehabilitation. _911034 |
|
| 650 | 0 |
_aChildren with visual disabilities _xServices for _zUnited States. _911035 |
|
| 653 | _aკორტიკალური მხედველობის დაქვეითება | ||
| 653 | _aშეფასებისა და ჩარევის მიდგომა | ||
| 653 | _aგანათლება | ||
| 653 | _aპედაგოგიკა | ||
| 653 | _aმხედველობის შეზღუდული შესაძლებლობის მქონე ბავშვები | ||
| 942 |
_2udc _cBK |
||